Top 50 -- Largest City in Each Country Beginning With 'N' - Statistics

General Stats
  • This quiz has been taken 123 times
  • The average score is 20 of 50
Answer Stats
# Population Country Answer % Correct
5 4,050,000 Italy Naples
98%
4 6,700,000 Kenya Nairobi
97%
1 22,000,000 United States New York
96%
2 10,500,000 Japan Nagoya
88%
15 973,296 France Nice
88%
13 1,210,000 Germany Nuremberg
88%
28 296,732 Bahamas Nassau
85%
7 1,880,000 Chad Ndjamena
81%
34 255,350 Cyprus Nicosia
80%
3 9,300,000 China Nánjīng
79%
19 526,515 Australia Newcastle
79%
29 291,484 South Africa Newcastle
79%
10 1,470,000 Great Britain Newcastle upon Tyne
79%
9 1,480,000 Niger Niamey
78%
11 1,400,000 Mauritania Nouakchott
74%
8 1,860,000 Russia Novosibirsk
71%
6 3,500,000 India Nagpur
67%
12 1,350,000 Brazil Natal
67%
33 260,438 Serbia Novi Sad
63%
26 333,506 Myanmar Naypyidaw
52%
38 182,341 New Caledonia Nouméa
50%
44 160,960 Netherlands Nijmegen
42%
17 663,212 Mozambique Nampula
33%
14 1,030,000 Iraq Najaf
29%
31 276,661 Philippines Naga
25%
16 678,154 Uzbekistan Namangan
24%
18 627,503 Zambia Ndola
24%
20 492,984 Sudan Nyālā
24%
46 156,906 Palestine Nablus
18%
22 395,600 Argentina Neuquén
18%
30 285,788 Vietnam Nha Trang
17%
21 425,058 Mexico Nuevo Laredo
17%
35 224,066 Israel Netanya
16%
37 195,027 Guinea Nzérékoré
13%
25 354,800 Colombia Neiva
12%
27 310,531 North Korea Namp'o
11%
36 213,577 Thailand Nakhon Ratchasima
10%
45 158,202 Morocco Nador
5%
23 381,431 Saudi Arabia Najran
5%
43 161,224 Turkey Niğde
4%
41 164,444 Nepal Nepalganj
3%
48 152,698 Cameroon Ngaoundéré
2%
42 161,584 Angola N'dalatando
1%
50 142,449 Sri Lanka Negombo
1%
47 156,000 Ethiopia Nekemte
1%
32 264,375 Iran Nishapur
1%
39 180,711 Bangladesh Narsingdi
0%
49 146,917 Egypt Nāṣir Būsh
0%
24 363,138 Pakistan Nawābshāh
0%
40 178,800 Uganda Njeru
0%
No matching quizzes found
Score Distribution
Percent of People with Each Score
Percentile by Number Answered
Your Score History
You have not taken this quiz